000 00654nam a22002417a 4500
003 UA-OsUOA
001 61004
007 ta
008 20090615b un ||||| |||| 00| 0 ukr d
100 _aСалига С.Я.
700 _aЯришко О.В.
700 _aТкаченко Є. Ю.
090 _a330(477)
_bС16
942 _cSA
040 _aUA-OsUOA
_bukr
_cUA-OsUOA
_dUA-OsUOA
245 _aТеоретичні аспекти аналізу інвестиційних проектів
300 _aС.22-28
955 _a0
041 _aukr
080 _a330(477)
773 0 _w61003
650 7 _a330 Економіка взагалі
_2UDC
999 _c347353
_d347353